The Magic School Bus takes a moonwalk / (Record no. 3009)

MARC details
000 -LEADER
fixed length control field 01201cam a22003013a 4500
005 - DATE AND TIME OF LATEST TRANSACTION
control field 20240130143315.0
020 ## - INTERNATIONAL STANDARD BOOK NUMBER
International Standard Book Number 9780439684002
040 ## - CATALOGING SOURCE
Original cataloging agency STM
Transcribing agency STM
Modifying agency DLC
Language of cataloging eng
050 00 - LIBRARY OF CONGRESS CALL NUMBER
Classification number QB582.C65
082 ## - DEWEY DECIMAL CLASSIFICATION NUMBER
Classification number 523.3
100 1# - MAIN ENTRY--PERSONAL NAME
Personal name Cole, Joanna
Dates associated with a name 1944-.
245 14 - TITLE STATEMENT
Title The Magic School Bus takes a moonwalk /
Statement of responsibility, etc. written by Joanna Cole ; illustrations by Carolyn Bracken.
250 ## - EDITION STATEMENT
Edition statement First printing, September 2004
260 ## - PUBLICATION, DISTRIBUTION, ETC.
Place of publication, distribution, etc. New York :
Name of publisher, distributor, etc. Scholastic,
Date of publication, distribution, etc. 2004
300 ## - PHYSICAL DESCRIPTION
Extent 28 unnumbered pages :
Other physical details color illustrations ;
Dimensions 24 cm.
490 ## - SERIES STATEMENT
Series statement The Magic School Bus
500 ## - GENERAL NOTE
General note Based on the Magic School Bus books written by Joanna Cole and illustrated by Bruce Degen [verso of t.p.].
500 ## - GENERAL NOTE
General note Scholastic Reader, Level 2.
505 ## - FORMATTED CONTENTS NOTE
Formatted contents note J <br/>
520 ## - SUMMARY, ETC.
Summary, etc. Ms. Frizzle's class is taking a special nighttime hayride to learn about the moon, but when a cloudy sky spoils the trip, everyone piles into the magic bus for a better view.<br/>
521 ## - TARGET AUDIENCE NOTE
Target audience note 490 <br/>
Source Lexile <br/><br/>
521 ## - TARGET AUDIENCE NOTE
Target audience note J <br/>
Source Raz-Plus <br/>
650 #0 - SUBJECT ADDED ENTRY--TOPICAL TERM
Topical term or geographic name entry element School field trips
Form subdivision Juvenile fiction.
700 1# - ADDED ENTRY--PERSONAL NAME
Personal name Bracken, Carolyn
Relator term illustrator
906 ## - LOCAL DATA ELEMENT F, LDF (RLIN)
a 7
b cbc
c copycat
d 3
e ncip
f 20
g y-gencatlg
942 ## - ADDED ENTRY ELEMENTS (KOHA)
Source of classification or shelving scheme Dewey Decimal Classification
Koha item type Books
Suppress in OPAC No
999 ## -
-- 3009
-- 3009
Holdings
Withdrawn status Lost status Source of classification or shelving scheme Damaged status Not for loan Collection Home library Current library Shelving location Date acquired Total Checkouts Full call number Barcode Date last seen Date last checked out Copy number Price effective from Koha item type Public note Date due
Withdrawn Lost and Paid For Dewey Decimal Classification     Non-Fiction Footprints International School Library Network Toul Kork Campus Footprints International School Library Network Toul Kork Campus   01/30/2024 2 COL 523.3 QB582.C65 FISBK02740 02/20/2024 02/20/2024 1 01/30/2024 Books Paid  
    Dewey Decimal Classification     Non-Fiction Footprints International School Library Network Toul Kork Campus Footprints International School Library Network Toul Kork Campus   01/30/2024 1 COL 523.3 QB582.C65 FIS01858 03/05/2024 02/27/2024 2 01/30/2024 Books    
    Dewey Decimal Classification     Non-Fiction Footprints International School Library Network Toul Kork Campus Footprints International School Library Network Toul Kork Campus   01/30/2024   COL 523.3 QB582.C65 FISBK02733 03/07/2024   3 01/30/2024 Books    
    Dewey Decimal Classification     Non-Fiction Footprints International School Library Network Toul Kork Campus Footprints International School Library Network Toul Kork Campus TK Primary Library Room(4th Floor), Bookcase 1&2, Shelves 1-16, Dark Blue Books 07/01/2024 5 COL 523.3 QB582.C65 FISTK01928 03/18/2026 03/18/2026 4 07/01/2024 Books   04/01/2026
    Dewey Decimal Classification     Non-Fiction Footprints International School Library Network Toul Kork Campus Footprints International School Library Network Toul Kork Campus TK Primary Library Room(4th Floor), Bookcase 1&2, Shelves 1-16, Dark Blue Books 11/08/2024 8 COL 523.3 QB582.C65 2024-2303 03/26/2026 03/19/2026 5 11/08/2024 Books